Paises pobres, paises ricos (Registro nro. 6692)
[ vista simple ]
| 000 -LEADER | |
|---|---|
| fixed length control field | 00917 a2200217 4500 |
| 001 - CONTROL NUMBER | |
| control field | 59438 |
| 005 - DATE AND TIME OF LATEST TRANSACTION | |
| control field | 20260407155848.0 |
| 008 - FIXED-LENGTH DATA ELEMENTS--GENERAL INFORMATION | |
| fixed length control field | 260407a1966 arg spa d |
| 003 - CONTROL NUMBER IDENTIFIER | |
| control field | AR-UNSa-BCEJYS |
| 040 ## - CATALOGING SOURCE | |
| Original cataloging agency | AR-UNSa-BCEJYS |
| Language of cataloging | spa |
| Transcribing agency | AR-UNSa-BCEJYS |
| 080 ## - UNIVERSAL DECIMAL CLASSIFICATION NUMBER | |
| Universal Decimal Classification number | 339.9 |
| Common auxiliary subdivision | Economía internacional en general. Relaciones económicas internacionales. Economía mundial |
| 100 1# - MAIN ENTRY--PERSONAL NAME | |
| Personal name | Zimmerman, J.L. |
| 245 10 - TITLE STATEMENT | |
| Title | Paises pobres, paises ricos |
| Name of part/section of a work | la brecha que se ensancha |
| 250 ## - EDITION STATEMENT | |
| Edition statement | 5ed. |
| 264 #1 - PRODUCTION, PUBLICATION, DISTRIBUTION, MANUFACTURE, AND COPYRIGHT NOTICE | |
| Place of production, publication, distribution, manufacture | México : |
| Name of producer, publisher, distributor, manufacturer | Siglo XXI Editores |
| Date of production, publication, distribution, manufacture, or copyright notice | 1966 |
| 300 ## - PHYSICAL DESCRIPTION | |
| Extent | 198 p. |
| Dimensions | 18 cm. |
| 505 ## - FORMATTED CONTENTS NOTE | |
| Formatted contents note | 1. Introducción - 2. La distribución del ingreso mundial - 3. La estructura económica de los países ricos y pobres - 4. Crecimiento económico - 5. Desarrollo económico - 6. Progreso económico - 7. La brecha que se ensancha |
| 590 ## - LOCAL NOTE (RLIN) | |
| Local note | niveau_biblio:m niveau_hierar:0 |
| 700 1# - ADDED ENTRY--PERSONAL NAME | |
| Personal name | González Aramburu, Francisco |
| 942 ## - ADDED ENTRY ELEMENTS (KOHA) | |
| Koha item type | |
| Withdrawn status | Lost status | Damaged status | Not for loan | Home library | Current library | Shelving location | Date acquired | Total checkouts | Full call number | Barcode | Date last seen | Price effective from | Koha item type |
|---|---|---|---|---|---|---|---|---|---|---|---|---|---|
| Biblioteca Prof. Eusebio Cleto del Rey | Biblioteca Prof. Eusebio Cleto del Rey | 07/04/2026 | 339.9 Z71 5ed. | L26231 | 07/04/2026 | 07/04/2026 | Libro | ||||||
| Biblioteca Prof. Eusebio Cleto del Rey | Biblioteca Prof. Eusebio Cleto del Rey | 07/04/2026 | 339.9 Z71 5ed. | L26232 | 07/04/2026 | 07/04/2026 | Libro |